El Añil 1580-1720: posibilidades y frustraciones

Na minha lista:
Detalhes bibliográficos
Autor principal: Molina Chocano, Guillermo
Formato: Texto
Publicado em: San José: CSUCA
Tags: Adicionar Tag
Sem tags, seja o primeiro a adicionar uma tag!

MARC

LEADER 00000 a a2200000 04500
001 21818
003
040
090 |a 097900  
100 |a Molina Chocano, Guillermo  
245 |a El Añil 1580-1720: posibilidades y frustraciones  
260 |a San José:   |b CSUCA  
300 |a 48 p.  
999 |c 12716  |d 12716